000 00727nam a22002177a 4500
999 _c187903
_d187903
005 20220505104433.0
010 _aENG-132519
020 _a9789380574295
_c800.00
035 _aEN-116051
037 _bDBAD/PUB
082 _a025.00285
245 _aRepositioning Libraries For User Empowerment Policy, Planning and Technology/
_cEdited by Tariq Ashraf, Akhtar Parvez, Jaideep Sharma and UN Mathur
260 _aDelhi
_bBookwell
_c2012
270 _a3/79, Nirankari Colony
_bDelhi
_e110009
_mbkwell@nde.vsnl.net.in
300 _axiii, 443p.
_c28cm(pbk)
700 _aAshraf, Traiq
700 _aParvez, Akhtar
700 _aSharma, Jaideep
700 _aMathur, UN
942 _2ddc
_cEN
_h025.00285
_mREP